[Event "Moscow Open C University Men"]
[Site "Moscow RUS"]
[Date "2011.02.04"]
[Round "7.30"]
[White "Cherny, Oleg"]
[Black "Babkin, Ivan"]
[Result "1-0"]
[WhiteElo "2046"]
[BlackElo "1953"]
[WhiteFideId "24115886"]
[BlackFideId "24142433"]
[EventDate "2011.01.29"]

1. e4 b6 2. d4 Bb7 3. Nc3 e6 4. Nf3 Bb4 5. Bd3 d6 6. O-O Bxc3 7. bxc3 Nd7 8. Ng5
Qe7 9. f4 h6 10. Nf3 O-O-O 11. a4 a5 12. c4 c5 13. d5 f6 14. dxe6 Qxe6 15. f5
Qf7 16. Bf4 Ne5 17. Rb1 Kc7 18. c3 Ne7 19. Bxe5 dxe5 20. Qe2 Rd7 21. Ne1 Nc8 22.
Nc2 Rhd8 23. Rfd1 Nd6 24. Na3 g6 25. Nb5+ Kc8 26. Na3 gxf5 27. Rxb6 fxe4 28. Bc2
f5 29. Qf2 Nxc4 30. Rxd7 Rxd7 31. Qxc5+ Rc7 32. Nxc4 Qxc4 33. Qf8+ 1-0

[Event "Moscow Open C University Men"]
[Site "Moscow RUS"]
[Date "2011.02.04"]
[Round "7.31"]
[White "Kyupriyski, Borislav"]
[Black "Isaev, Evgeny"]
[Result "0-1"]
[WhiteElo "1922"]
[BlackElo "1940"]
[WhiteFideId "2910993"]
[BlackFideId "4176383"]
[EventDate "2011.01.29"]

1. e4 c5 2. Nf3 Nc6 3. d4 cxd4 4. Nxd4 Nf6 5. Nc3 e6 6. Be3 Bb4 7. Bd3 d5 8. f3
e5 9. Nxc6 bxc6 10. exd5 cxd5 11. a3 Ba5 12. Bd2 Bb6 13. Bb5+ Bd7 14. Qe2 O-O
15. Bg5 Bd4 16. Bxd7 Qxd7 17. Nb5 Bxb2 18. Rb1 a6 19. Rxb2 axb5 20. O-O Rfe8 21.
Qxb5 Qa7+ 22. Kh1 Reb8 23. Be3 Rxb5 0-1

[Event "Moscow Open C University Men"]
[Site "Moscow RUS"]
[Date "2011.02.05"]
[Round "8.1"]
[White "Bagrationi, Alexander"]
[Black "Popov, Ivan RUS"]
[Result "1/2-1/2"]
[WhiteTitle "IM"]
[BlackTitle "GM"]
[WhiteElo "2459"]
[BlackElo "2609"]
[WhiteFideId "14104954"]
[BlackFideId "4170350"]
[EventDate "2011.01.29"]

1. d4 Nf6 2. c4 e6 3. Nf3 b6 4. g3 Ba6 5. Qa4 c6 6. Bg2 b5 7. cxb5 cxb5 8. Qd1
d5 9. O-O Nc6 10. a3 Bb7 11. Nc3 a6 12. Ne5 Nxe5 13. dxe5 Nd7 14. e4 d4 15. Qxd4
Bc5 16. Qd1 Nxe5 17. Qh5 Nd3 18. Be3 Bxe3 19. fxe3 Qe7 20. Nxb5 O-O 21. Nd4 Nxb2
22. Qe2 Na4 23. Rfc1 Rac8 24. Qd2 Rxc1+ 25. Rxc1 Qxa3 26. Rc4 Nc5 27. Nc2 Qd3
28. Qb4 Qd1+ 29. Bf1 Nxe4 30. Rxe4 Bd5 31. Rc4 a5 32. Qd6 Qf3 33. Rc3 Qh1+ 34.
Kf2 Qxh2+ 35. Ke1 Be4 36. Nd4 a4 37. Be2 Qg1+ 38. Kd2 Qb1 39. Bd1 Qb2+ 40. Bc2
Ra8 41. Qd7 h5 42. Rc7 Rf8 43. Qxa4 Rd8 44. Qb3 Qxb3 45. Bxb3 e5 46. Re7 Bd5 47.
Rxe5 1/2-1/2

[Event "Moscow Open C University Men"]
[Site "Moscow RUS"]
[Date "2011.02.05"]
[Round "8.2"]
[White "Reshetnikov, Alexey"]
[Black "Kharitonov, Alexandr"]
[Result "1/2-1/2"]
[WhiteTitle "IM"]
[BlackTitle "GM"]
[WhiteElo "2478"]
[BlackElo "2552"]
[WhiteFideId "4162080"]
[BlackFideId "4135202"]
[EventDate "2011.01.29"]

1. d4 d5 2. c4 c6 3. Nf3 Nf6 4. e3 Bg4 5. h3 Bh5 6. Nc3 e6 7. Qb3 Qb6 8. Ne5
Nfd7 9. Nd3 Bg6 10. Be2 Be7 11. O-O O-O 12. Qd1 Qc7 13. b3 Rd8 14. Nf4 Nf8 15.
Nxg6 Nxg6 16. Qc2 Nd7 17. Bb2 Nf6 18. Rfd1 Rac8 19. Rac1 Qa5 20. a3 dxc4 21.
Bxc4 b5 22. Be2 a6 23. a4 Qb6 24. Bd3 Rb8 25. Rb1 Nd5 26. Nxd5 cxd5 27. Rdc1 Bd6
28. axb5 axb5 29. Ra1 Ra8 30. Rxa8 Rxa8 31. Qc6 Rb8 32. Qxb6 Rxb6 33. Rc8+ Nf8
34. Bc3 b4 35. Bd2 f5 36. f3 Kf7 37. g4 g6 38. Kf2 Nd7 39. Ke2 Nf6 40. Be1 Rb7
41. Rc6 Ne8 1/2-1/2

[Event "Moscow Open C University Men"]
[Site "Moscow RUS"]
[Date "2011.02.05"]
[Round "8.3"]
[White "Ponkratov, Pavel"]
[Black "Evdokimov, Alexander A."]
[Result "0-1"]
[WhiteTitle "GM"]
[BlackTitle "GM"]
[WhiteElo "2581"]
[BlackElo "2551"]
[WhiteFideId "4157800"]
[BlackFideId "4139275"]
[EventDate "2011.01.29"]

1. d4 Nf6 2. Nf3 g6 3. Bg5 Bg7 4. Nc3 d5 5. Bxf6 Bxf6 6. e4 dxe4 7. Nxe4 Bg7 8.
Bc4 O-O 9. O-O Bg4 10. c3 Nd7 11. h3 Bxf3 12. Qxf3 e5 13. Rad1 Qh4 14. Rfe1 Kh8
15. Nd2 exd4 16. cxd4 Nb6 17. Re4 Qd8 18. Bb3 f5 19. Re6 c6 20. Qe2 Nd5 21. Bxd5
Qxd5 22. Nf3 Bf6 23. b3 Rad8 24. Re1 Kg7 25. Qd2 Rd7 26. Qf4 a6 27. h4 c5 28.
dxc5 Qxc5 29. h5 Qc7 30. h6+ Kg8 31. Qe3 Rd6 32. Ng5 Qd7 33. Qc5 Rxe6 34. Nxe6
Re8 35. Qc4 b5 36. Qf4 Rxe6 37. Qb8+ Kf7 38. Rc1 Rd6 39. Rc8 Rd1+ 40. Kh2 Qd6+ 0-1

[Event "Moscow Open C University Men"]
[Site "Moscow RUS"]
[Date "2011.02.05"]
[Round "8.4"]
[White "Ovetchkin, Roman"]
[Black "Papin, Vasily"]
[Result "0-1"]
[WhiteTitle "GM"]
[BlackTitle "IM"]
[WhiteElo "2498"]
[BlackElo "2568"]
[WhiteFideId "4119991"]
[BlackFideId "4143183"]
[EventDate "2011.01.29"]

1. d4 Nf6 2. Nf3 d5 3. c4 e6 4. g3 Bb4+ 5. Bd2 Be7 6. Bg2 c6 7. Qc2 O-O 8. O-O
b6 9. Bf4 Ba6 10. b3 Nbd7 11. Rd1 Rc8 12. Nc3 h6 13. e4 dxc4 14. Nd2 b5 15. bxc4
bxc4 16. Na4 c5 17. d5 exd5 18. exd5 Nh5 19. Be3 Bf6 20. Rab1 Bd4 21. Nxc4 Bxc4
22. Qxc4 Bxe3 23. fxe3 Qg5 24. Qc1 Rb8 25. Rxb8 Rxb8 26. e4 Qd8 27. Qc3 Rb4 28.
Nb2 Qf6 29. Qxf6 Nhxf6 30. Nd3 Rd4 31. Nf2 Ra4 32. Rd2 Kf8 33. Bh3 Ne5 34. Rc2
c4 35. Nd1 Nxe4 36. Re2 Ng5 37. Bg2 f6 38. Rb2 Ra3 39. Rc2 Ke7 40. Nc3 Ngf3+ 41.
Bxf3 Nxf3+ 42. Kf2 Nd4 43. Rd2 Rxc3 44. Rxd4 Rc2+ 45. Ke3 Kd6 46. a4 Rxh2 47.
Rxc4 Kxd5 48. Rc7 g5 49. Rxa7 h5 50. Ra5+ Ke6 51. Rb5 h4 52. g4 Rg2 53. Rb6+ Kf7
54. Rb4 h3 55. Kf3 Rg1 56. Rb2 f5 57. gxf5 g4+ 58. Kf4 g3 59. Rb7+ Ke8 0-1

[Event "Moscow Open C University Men"]
[Site "Moscow RUS"]
[Date "2011.02.05"]
[Round "8.5"]
[White "Nozdrachev, Vladislav"]
[Black "Polschikov, Alexey"]
[Result "1-0"]
[WhiteTitle "FM"]
[BlackTitle "FM"]
[WhiteElo "2438"]
[BlackElo "2380"]
[WhiteFideId "24113441"]
[BlackFideId "24130583"]
[EventDate "2011.01.29"]

1. e4 c5 2. Nf3 e6 3. d4 cxd4 4. Nxd4 Nc6 5. Nc3 Qc7 6. Be3 Nf6 7. Bd3 a6 8. O-O
Nxd4 9. Bxd4 Bc5 10. Bxc5 Qxc5 11. Kh1 O-O 12. f4 d6 13. Qe1 e5 14. fxe5 Qxe5
15. Qh4 Be6 16. Nd5 Bxd5 17. exd5 Rfe8 18. Rf5 Qxb2 19. Raf1 Kf8 20. g4 Qd4 21.
R1f4 Qc3 22. g5 Qe1+ 23. Qxe1 Rxe1+ 24. Kg2 Nh5 25. Rxf7+ Kg8 26. Rf2 Rb1 27.
Rd7 Rb4 28. c4 Re8 29. Rxd6 g6 30. Re6 Ng7 31. Rxe8+ Nxe8 32. c5 Nc7 33. d6 Ne6
34. Bc2 Nxc5 35. Rd2 Kf8 36. d7 Nxd7 37. Rxd7 Rb2 38. Rc7 Ke8 39. a3 Kd8 40. Rc3 1-0

[Event "Moscow Open C University Men"]
[Site "Moscow RUS"]
[Date "2011.02.05"]
[Round "8.6"]
[White "Yaksin, Oleg"]
[Black "Potapov, Pavel"]
[Result "1/2-1/2"]
[BlackTitle "IM"]
[WhiteElo "2410"]
[BlackElo "2470"]
[WhiteFideId "24105880"]
[BlackFideId "4169786"]
[EventDate "2011.01.29"]

1. d4 d5 2. c4 c6 3. Nf3 Nf6 4. Qb3 dxc4 5. Qxc4 Bf5 6. g3 e6 7. Bg2 Nbd7 8. O-O
Be7 9. e3 O-O 10. Qe2 Bg6 11. Nc3 Ne4 12. Ne1 Ndf6 13. Nd3 Qa5 14. Nxe4 Bxe4 15.
f3 Bxd3 16. Qxd3 Rad8 17. Bd2 Bb4 18. Bxb4 Qxb4 19. Rfc1 e5 20. Qc3 Qb6 21. dxe5
Nd5 22. Qd4 Nxe3 23. Qxb6 axb6 24. Bh3 Rd2 25. Rc3 Nc2 26. Rb1 Rfd8 27. Bf1 b5
28. a3 Kf8 29. f4 Nd4 30. Re3 Nf5 31. Rf3 Ke7 32. Bh3 g6 33. g4 Nh4 34. Rg3 R8d4
35. f5 g5 36. Re1 Rxb2 37. Bf1 Rf4 38. Be2 c5 39. Re3 Rd4 40. h3 c4 41. Kf1 Rdd2
42. Kf2 Rd3 43. Ra1 Rxe3 44. Kxe3 Ng2+ 45. Kf3 Nf4 46. Bf1 c3 47. Ke3 Rd2 48.
Rc1 Nd5+ 49. Ke4 b4 50. axb4 c2 51. f6+ Kd8 52. Bc4 Nxb4 53. Bb3 Re2+ 54. Kd4
Nc6+ 55. Kd3 Rh2 56. Ke4 Re2+ 57. Kd3 Rh2 58. Ke4 1/2-1/2

[Event "Moscow Open C University Men"]
[Site "Moscow RUS"]
[Date "2011.02.05"]
[Round "8.7"]
[White "Nakhapetiane, Pogos"]
[Black "Seliverstov, Vladimir"]
[Result "1/2-1/2"]
[WhiteTitle "FM"]
[BlackTitle "FM"]
[WhiteElo "2469"]
[BlackElo "2304"]
[WhiteFideId "4166728"]
[BlackFideId "4192036"]
[EventDate "2011.01.29"]

1. e4 d6 2. d4 Nf6 3. Nc3 e5 4. Nf3 Nbd7 5. Bc4 Be7 6. O-O O-O 7. Re1 c6 8. a4
a5 9. b3 exd4 10. Nxd4 Ne5 11. Bf1 Re8 12. Ba3 Qb6 13. Qd2 Bd7 14. Rad1 Rad8 15.
h3 Bc8 16. Kh2 Bf8 17. f4 Ned7 18. Qf2 Nc5 19. e5 dxe5 20. fxe5 Nce4 21. Nxe4
Nxe4 22. Rxe4 Bxa3 23. Bc4 Be6 24. Bxe6 fxe6 25. Qe2 Bb2 26. Nf3 Rxd1 27. Qxd1
Rd8 28. Qe2 h6 29. Ne1 Rd4 30. Nd3 Rxe4 31. Qxe4 Bd4 32. Qg6 c5 33. Qe4 Qc7 34.
h4 Qf7 35. Qe2 c4 36. bxc4 Qc7 37. c5 Qc6 38. Qg4 Qd5 39. Kh3 Bxe5 40. h5 Bc7
41. Qg6 1/2-1/2

[Event "Moscow Open C University Men"]
[Site "Moscow RUS"]
[Date "2011.02.05"]
[Round "8.8"]
[White "Chizhikov, Vladislav"]
[Black "Sharafiev, Azat"]
[Result "1/2-1/2"]
[BlackTitle "FM"]
[WhiteElo "2225"]
[BlackElo "2462"]
[WhiteFideId "4178157"]
[BlackFideId "4186214"]
[EventDate "2011.01.29"]

1. e4 c5 2. Nf3 Nc6 3. Bb5 e6 4. O-O Nge7 5. Re1 a6 6. Bf1 d5 7. exd5 Nxd5 8. d4
cxd4 9. Nxd4 Bc5 10. Nxc6 Qf6 11. Qe2 bxc6 12. g3 a5 13. c4 Ba6 14. Nd2 Qg6 15.
Qf3 Ne7 16. Ne4 Bb4 17. Rd1 O-O 1/2-1/2

[Event "Moscow Open C University Men"]
[Site "Moscow RUS"]
[Date "2011.02.05"]
[Round "8.9"]
[White "Matsenko, Sergei"]
[Black "Zimin, Alexey"]
[Result "0-1"]
[WhiteTitle "IM"]
[WhiteElo "2475"]
[BlackElo "2208"]
[WhiteFideId "4170083"]
[BlackFideId "4168925"]
[EventDate "2011.01.29"]

1. e4 c5 2. Nf3 e6 3. d4 cxd4 4. Nxd4 Nf6 5. Nc3 Nc6 6. Ndb5 Bb4 7. a3 Bxc3+ 8.
Nxc3 d5 9. exd5 exd5 10. Bd3 O-O 11. O-O d4 12. Ne2 Bg4 13. Bg5 Qd6 14. Qd2 Nd7
15. h3 Be6 16. Rad1 Nde5 17. Be4 f6 18. Bf4 Bc4 19. Rfe1 Rad8 20. Bg3 Qc5 21.
Nf4 Rfe8 22. Kh2 Bf7 23. Nd3 Qb6 24. b3 Nxd3 25. Qxd3 g6 26. Qd2 Qc5 27. Qc1 Re7
28. f3 Rde8 29. Bf2 Bd5 30. b4 Qc4 31. Bd3 Qa2 32. Rxe7 Rxe7 33. Rd2 Bf7 34. c3
Qd5 35. cxd4 Nxd4 36. Be4 Rxe4 37. fxe4 Qe5+ 38. Bg3 Qxe4 39. Qb2 0-1

[Event "Moscow Open C University Men"]
[Site "Moscow RUS"]
[Date "2011.02.05"]
[Round "8.10"]
[White "Rakhimgaliyev, Yerlan"]
[Black "Shukh, Nikolai"]
[Result "0-1"]
[WhiteTitle "FM"]
[BlackTitle "IM"]
[WhiteElo "2320"]
[BlackElo "2442"]
[WhiteFideId "13705148"]
[BlackFideId "24102580"]
[EventDate "2011.01.29"]

1. e4 c5 2. c3 g6 3. d4 cxd4 4. cxd4 d5 5. exd5 Nf6 6. Nc3 Bg7 7. Nf3 O-O 8. Bc4
Nbd7 9. O-O Nb6 10. Bb3 Nbxd5 11. Re1 e6 12. Nxd5 Nxd5 13. Bg5 Qd6 14. Rc1 b6
15. Qd2 Bb7 16. Bh6 Rac8 17. h4 Bxh6 18. Qxh6 Qf4 19. Ng5 Nf6 20. Rxc8 Rxc8 21.
Nxf7 Qxh6 22. Nxh6+ Kg7 23. g4 Ne4 24. Bxe6 Re8 25. d5 Nc5 26. b4 Nxe6 27. dxe6
Kxh6 28. f4 Bf3 29. g5+ Kg7 30. Kf2 Bg4 31. h5 gxh5 0-1

[Event "Moscow Open C University Men"]
[Site "Moscow RUS"]
[Date "2011.02.05"]
[Round "8.11"]
[White "Krivenko, Sergey"]
[Black "Efanov, Nikolai"]
[Result "0-1"]
[BlackTitle "IM"]
[WhiteElo "2326"]
[BlackElo "2421"]
[WhiteFideId "24124753"]
[BlackFideId "4187997"]
[EventDate "2011.01.29"]

1. d4 d5 2. c4 c6 3. Nf3 Nf6 4. e3 e6 5. b3 Bb4+ 6. Nbd2 c5 7. dxc5 Nc6 8. Bb2
Bxc5 9. a3 a6 10. Qc2 Qe7 11. b4 Ba7 12. cxd5 exd5 13. Bd3 Bd7 14. O-O Rc8 15.
Rac1 O-O 16. Qb1 h6 17. e4 Bg4 18. Rfe1 dxe4 19. Nxe4 Nxe4 20. Bxe4 Qd6 21. Rcd1
Qf4 22. Bh7+ Kh8 23. Re4 Bxf3 24. Rxf4 Bxd1 25. Bd3 Ba4 26. Rh4 f6 27. Bc1 Ne5
28. Bf1 Rc2 29. Be3 Bxe3 30. fxe3 Rfc8 31. Rf4 Bb5 32. h3 Nd3 33. Rf5 Rb2 34.
Qd1 Rc1 35. Qh5 Ne5 36. a4 Bd3 37. Qe8+ Kh7 38. Rf4 Rbb1 39. Kh2 Bxf1 40. Rf2
Rc7 41. Rd2 Rxb4 42. Qb8 Rbc4 43. e4 Bd3 0-1

[Event "Moscow Open C University Men"]
[Site "Moscow RUS"]
[Date "2011.02.05"]
[Round "8.12"]
[White "Kurukin, Dmitry"]
[Black "Aldokhin, Ivan"]
[Result "1-0"]
[BlackTitle "IM"]
[WhiteElo "2313"]
[BlackElo "2391"]
[WhiteFideId "24113174"]
[BlackFideId "24115720"]
[EventDate "2011.01.29"]

1. d4 d5 2. c4 c6 3. Nc3 Nf6 4. Nf3 a6 5. a4 g6 6. Bg5 Bg7 7. cxd5 cxd5 8. Qb3
Nc6 9. e3 Na5 10. Qa2 Be6 11. Nd2 Rc8 12. Rd1 O-O 13. Be2 Nc6 14. Qb3 a5 15. O-O
Nb4 16. Na2 Nxa2 17. Qxa2 Qb6 18. Nb3 Qb4 19. Nc5 Rxc5 20. dxc5 Qxc5 21. Rc1 Qb6
22. Bb5 1-0

[Event "Moscow Open C University Men"]
[Site "Moscow RUS"]
[Date "2011.02.05"]
[Round "8.13"]
[White "Vetryansky, Vladimir"]
[Black "Tilicheev, Viacheslav"]
[Result "0-1"]
[BlackTitle "FM"]
[WhiteElo "2244"]
[BlackElo "2338"]
[WhiteFideId "24118613"]
[BlackFideId "24114928"]
[EventDate "2011.01.29"]

1. e4 c5 2. c3 Qa5 3. Nf3 Nc6 4. Na3 Nf6 5. Nc4 Qc7 6. e5 Nd5 7. Qe2 e6 8. a4
Nb6 9. Qe4 Nxc4 10. Bxc4 b6 11. O-O Bb7 12. Qf4 d5 13. Bb5 a6 14. Be2 h6 15. h4
O-O-O 16. b3 d4 17. Bc4 g5 18. Qg3 g4 19. Qxg4 Nxe5 20. Nxe5 Qxe5 21. Qg3 Qf6
22. cxd4 Bd6 23. Qh3 Rhg8 24. g3 Bxg3 25. fxg3 Qxd4+ 26. Kh2 Qxa1 27. Rxf7 Rxd2+ 0-1

[Event "Moscow Open C University Men"]
[Site "Moscow RUS"]
[Date "2011.02.05"]
[Round "8.14"]
[White "Koreschikov, Maxim"]
[Black "Omariev, Maksim"]
[Result "0-1"]
[WhiteTitle "FM"]
[BlackTitle "FM"]
[WhiteElo "2309"]
[BlackElo "2335"]
[WhiteFideId "24103900"]
[BlackFideId "4193423"]
[EventDate "2011.01.29"]

1. d4 d5 2. Nf3 Nf6 3. c4 c6 4. e3 Bf5 5. cxd5 cxd5 6. Nc3 Nc6 7. Qb3 Rb8 8. Ne5
e6 9. Qa4 Qb6 10. Bb5 Rc8 11. Bd2 a6 12. Bd3 Bxd3 13. Nxd3 Bd6 14. O-O O-O 15.
b4 e5 16. Nc5 exd4 17. exd4 Nxd4 18. Bg5 Bxc5 19. bxc5 Qxc5 20. Bxf6 gxf6 21.
Rac1 b5 22. Qd1 b4 23. Ne4 Qxc1 24. Qxd4 dxe4 0-1

[Event "Moscow Open C University Men"]
[Site "Moscow RUS"]
[Date "2011.02.05"]
[Round "8.15"]
[White "Gutenev, Alexander"]
[Black "Dusenov, Ruslan"]
[Result "1-0"]
[WhiteTitle "FM"]
[WhiteElo "2328"]
[BlackElo "2285"]
[WhiteFideId "4195540"]
[BlackFideId "4160770"]
[EventDate "2011.01.29"]

1. e4 c5 2. Nf3 d6 3. d4 cxd4 4. Nxd4 Nf6 5. Nc3 g6 6. Be3 Bg7 7. f3 O-O 8. Qd2
Nc6 9. O-O-O d5 10. exd5 Nxd5 11. Nxc6 bxc6 12. Bd4 e5 13. Bc5 Be6 14. Ne4 Re8
15. h4 h5 16. Bc4 Nf4 17. Qe1 Qc7 18. Bxe6 Nxe6 19. Bd6 Qb6 20. g4 Nd4 21. Qf1
Rab8 22. Bxb8 Rxb8 23. b3 Qa5 24. Kb1 Nb5 25. Rg1 Na3+ 26. Kb2 Nxc2 27. Rd2 Nb4
28. Kb1 Nxa2 29. Rxa2 Rxb3+ 30. Rb2 Ra3 31. Kc2 Qa4+ 32. Kd2 Qd4+ 33. Kc2 Qa4+
34. Kd2 Qd4+ 35. Kc1 hxg4 36. Rb8+ Bf8 37. Qe1 Qc4+ 38. Kb1 Qa2+ 39. Kc1 Qc4+
40. Kb1 Qd3+ 41. Kb2 Qd4+ 42. Nc3 gxf3 43. Rf1 Qd6 44. Rb3 Rxb3+ 45. Kxb3 Qd3
46. Qf2 Be7 47. h5 gxh5 48. Qg3+ Kf8 49. Rxf3 Qd6 50. Qh3 Qb4+ 51. Kc2 Qg4 52.
Qf1 Qg6+ 53. Kb2 h4 54. Rf5 Kg7 55. Qf3 f6 56. Rh5 Bb4 57. Ne4 Be7 58. Nc3 a5
59. Rxh4 f5 60. Rh2 e4 61. Qe2 Qd6 62. Rg2+ Kf6 63. Qh5 Qd3 64. Rg6+ Ke5 65.
Qh8+ Kf4 66. Qh2+ 1-0

[Event "Moscow Open C University Men"]
[Site "Moscow RUS"]
[Date "2011.02.05"]
[Round "8.16"]
[White "Turutin, Alexander"]
[Black "Piskun, Alexey"]
[Result "1-0"]
[WhiteTitle "FM"]
[WhiteElo "2408"]
[BlackElo "2213"]
[WhiteFideId "4180623"]
[BlackFideId "24105511"]
[EventDate "2011.01.29"]

1. e4 c5 2. Nf3 Nc6 3. Nc3 e6 4. d4 cxd4 5. Nxd4 Qc7 6. Be3 Nf6 7. a3 a6 8. Qd2
Ng4 9. Bf4 e5 10. Nxc6 dxc6 11. Bg3 Be6 12. O-O-O Be7 13. h3 Nf6 14. Qe3 b5 15.
f4 exf4 16. Bxf4 Qb7 17. e5 Nd5 18. Nxd5 Bxd5 19. Bd3 a5 20. Qg3 g6 21. h4 a4
22. h5 g5 23. Bd2 b4 24. e6 fxe6 25. axb4 a3 26. bxa3 c5 27. Qe5 Kd7 28. c4 cxb4
29. cxd5 Rhc8+ 30. Bc2 Qxd5 31. Bxb4 1-0

[Event "Moscow Open C University Men"]
[Site "Moscow RUS"]
[Date "2011.02.05"]
[Round "8.17"]
[White "Borisovsky, Viktor"]
[Black "Shlegin, Stanislav"]
[Result "1/2-1/2"]
[BlackTitle "FM"]
[WhiteElo "2118"]
[BlackElo "2326"]
[WhiteFideId "24131768"]
[BlackFideId "24112089"]
[EventDate "2011.01.29"]

1. d4 d5 2. c4 e6 3. Nc3 Be7 4. e3 c6 5. Nf3 f5 6. Bd3 Nf6 7. O-O O-O 8. Qc2 Ne4
9. Nd2 Bd6 10. f4 Bd7 11. Qb3 Qc7 12. cxd5 cxd5 13. Ndxe4 fxe4 14. Be2 Nc6 15.
Nb5 Na5 16. Nxc7 Nxb3 17. axb3 Bxc7 18. Bd2 Bd6 19. Rfc1 Rfc8 20. Kf2 Rxc1 21.
Rxc1 Kf7 22. h4 Ke7 23. g4 Rc8 24. Rxc8 Bxc8 25. Ba5 Bd7 26. h5 Kf7 27. Kg3 a6
28. Bc3 Kf6 29. Ba5 Kf7 30. Bc3 Bc7 31. Bd2 a5 32. Bc3 b6 33. b4 Ba4 34. bxa5
bxa5 35. b4 axb4 36. Bxb4 Bb3 37. Bb5 Bd1 38. Bd7 Be2 39. Bc6 Bd8 40. Bd7 Bc7
41. Kh4 Bd8+ 1/2-1/2

[Event "Moscow Open C University Men"]
[Site "Moscow RUS"]
[Date "2011.02.05"]
[Round "8.18"]
[White "Rozhkov, Vecheslav"]
[Black "Barsamian, Eduard"]
[Result "1-0"]
[WhiteElo "2268"]
[BlackElo "2213"]
[WhiteFideId "4181484"]
[BlackFideId "24102016"]
[EventDate "2011.01.29"]

1. e4 c6 2. d4 d5 3. e5 Bf5 4. Nd2 e6 5. Nb3 Nd7 6. Be3 a5 7. a4 f6 8. f4 fxe5
9. dxe5 Nh6 10. Nf3 Be7 11. Nbd4 c5 12. Nxf5 Nxf5 13. Bf2 O-O 14. Bd3 Nb8 15.
O-O Nc6 16. c3 b6 17. b3 Rf7 18. g4 Nh4 19. Bxh4 Bxh4 20. f5 exf5 21. Bxf5 Rxf5
22. gxf5 Bg5 23. Nxg5 Qxg5+ 24. Kh1 d4 25. Qf3 Rc8 26. Rg1 Qe7 27. f6 Qxe5 28.
Rae1 1-0

[Event "Moscow Open C University Men"]
[Site "Moscow RUS"]
[Date "2011.02.05"]
[Round "8.19"]
[White "Dimukhametov, Artur"]
[Black "Tiukaev, Ilgiz"]
[Result "0-1"]
[WhiteTitle "FM"]
[WhiteElo "2354"]
[BlackElo "2117"]
[WhiteFideId "4195680"]
[BlackFideId "14201305"]
[EventDate "2011.01.29"]

1. d4 Nf6 2. Nf3 g6 3. g3 Bg7 4. Bg2 d6 5. O-O O-O 6. c4 Nc6 7. Nc3 e5 8. e3 Bf5
9. b3 exd4 10. exd4 Qd7 11. d5 Nb4 12. Nd4 Bh3 13. a3 Na6 14. Ne6 Bxg2 15. Nxf8
Qh3 0-1

[Event "Moscow Open C University Men"]
[Site "Moscow RUS"]
[Date "2011.02.05"]
[Round "8.20"]
[White "Kartsev, Sergei"]
[Black "Oganisjn, Roman"]
[Result "0-1"]
[WhiteElo "2112"]
[BlackElo "2293"]
[WhiteFideId "24103853"]
[BlackFideId "4153006"]
[EventDate "2011.01.29"]

1. e4 e6 2. d4 d5 3. Nc3 Be7 4. Nf3 Nf6 5. Bd3 c5 6. exd5 exd5 7. dxc5 O-O 8. h3
Bxc5 9. O-O Nc6 10. Bg5 Be6 11. Ne2 h6 12. Bh4 g5 13. Nxg5 hxg5 14. Bxg5 Ne5 15.
Nf4 Be7 16. Re1 Nfd7 17. Bh6 Bg5 18. Qh5 Bxf4 19. Bxf4 Nxd3 20. cxd3 Qf6 21. Re3
Qxf4 22. Rg3+ Qxg3 23. fxg3 Rfc8 24. Qh6 Rc6 25. Qh4 Nf8 26. Qg5+ Kh7 27. Rf1
Nd7 28. Qh5+ Kg7 29. Qg5+ Kh7 30. Qh5+ Kg7 31. g4 Rg8 32. g5 Rh8 33. Qf3 Rh4 0-1

[Event "Moscow Open C University Men"]
[Site "Moscow RUS"]
[Date "2011.02.05"]
[Round "8.21"]
[White "Dzhumaev, Almir"]
[Black "Khmara, Maxim"]
[Result "1/2-1/2"]
[WhiteElo "2226"]
[BlackElo "2132"]
[WhiteFideId "24169544"]
[BlackFideId "4177681"]
[EventDate "2011.01.29"]

1. e4 e6 2. d4 d5 3. Nc3 Nf6 4. e5 Nfd7 5. f4 c5 6. Nf3 Nc6 7. Be3 Qb6 8. Na4
Qa5+ 9. c3 cxd4 10. b4 Nxb4 11. cxb4 Bxb4+ 12. Bd2 Bxd2+ 13. Nxd2 O-O 14. Bd3 b5
15. Nb2 Nb6 16. O-O Nc4 17. Nbxc4 bxc4 18. Bxh7+ Kxh7 19. Qh5+ Kg8 20. Nf3 g5
21. Qh6 Qc7 22. Rae1 f6 23. Qg6+ Qg7 24. Qh5 d3 25. exf6 Rxf6 26. Ne5 Kf8 27. f5
d2 28. Re3 Qh6 29. Qe2 Rxf5 30. Qxd2 Rb8 31. Qd4 Rxf1+ 32. Kxf1 Qh7 33. Qc5+ Ke8
34. Re1 Bd7 35. Qxa7 Rb5 36. Qa8+ Ke7 37. Qa3+ Kd8 38. Qd6 c3 39. a4 Rb1 40.
Qf8+ Be8 41. Qd6+ Bd7 42. Qf8+ Be8 43. Qd6+ Bd7 44. Qf8+ Be8 1/2-1/2

[Event "Moscow Open C University Men"]
[Site "Moscow RUS"]
[Date "2011.02.05"]
[Round "8.22"]
[White "Kretov, Evgueij"]
[Black "Anfinogenov, Artem"]
[Result "1-0"]
[WhiteElo "2210"]
[BlackElo "2068"]
[WhiteFideId "4167821"]
[BlackFideId "4197461"]
[EventDate "2011.01.29"]

1. d4 d5 2. c4 c6 3. Nc3 Nf6 4. e3 a6 5. a4 e6 6. Nf3 c5 7. cxd5 Nxd5 8. e4 cxd4
9. Nxd5 exd5 10. e5 Nc6 11. Bd3 Bg4 12. O-O Be7 13. Re1 O-O 14. h3 Bh5 15. g4
Bg6 16. Bf5 Bxf5 17. gxf5 f6 18. e6 Bc5 19. Kh1 Qe8 20. Nh4 Ne7 21. Qg4 Kh8 22.
Bf4 g5 23. fxg6 hxg6 24. Rg1 Rg8 25. Rac1 b6 26. Bd2 Rg7 27. Bh6 Rh7 28. Qf4 f5
29. Bg5 Qb8 30. Bxe7 Bxe7 31. Nxg6+ Kg7 32. Nxe7+ Kf6 33. Qxf5+ Kxe7 34. Qxh7+ 1-0

[Event "Moscow Open C University Men"]
[Site "Moscow RUS"]
[Date "2011.02.05"]
[Round "8.23"]
[White "Shefer, Alexander"]
[Black "Grinenko, Viktor"]
[Result "0-1"]
[WhiteElo "2202"]
[BlackElo "1981"]
[WhiteFideId "4198581"]
[BlackFideId "4110609"]
[EventDate "2011.01.29"]

1. d4 Nf6 2. c4 e6 3. Nf3 d5 4. cxd5 exd5 5. Nc3 c6 6. Bg5 Be7 7. Qc2 O-O 8. e3
h6 9. Bh4 Ne4 10. Bxe7 Qxe7 11. Nxe4 dxe4 12. Nd2 f5 13. Bc4+ Kh8 14. O-O Nd7
15. Rae1 Nf6 16. f3 Be6 17. Bxe6 Qxe6 18. fxe4 fxe4 19. a3 Rae8 20. Qb3 Qe7 21.
Rf4 Nd5 22. Rxf8+ Rxf8 23. Qc2 Qf7 24. Nc4 Kg8 25. h3 Qf6 26. Ne5 Qh4 27. Qe2
Qg3 28. Ng4 Rf3 29. Rf1 h5 30. Nh2 Rxe3 31. Qxh5 Nf4 32. Qg4 Ne2+ 33. Kh1 Qxg4
34. Nxg4 Ng3+ 35. Kg1 Nxf1 0-1